000 00746nam a2200229 u 4500
005 20240910064110.0
008 080522s2005 es r 000 0 spa d
020 _a8466745769
035 _aUPN01000156161
049 _aI
050 4 _aPZ57
_bG7.7
100 1 _aGrobéty, Anne-Lise,
_e1949-
245 1 0 _aTiempo de palabras en voz baja /
_cAnne-Lise Grobéty ; il. Esperanza León ; tr. Ana Garralón.
260 _aMadrid :
_bAnaya,
_c2005.
300 _a78 p. :
_bil.
440 0 _aSopa de libros ;
_v103
586 _aObra galardonada con el premio Saint Exupéry 2001
534 _pTítulo original:
_tLe temps des mots á voix basse
650 4 _aLiteratura infantil sueca
_911036
650 7 _aAmistad
_2
_94317
905 _aInfantil
999 _c128275
_d128275